Statistics for Most Populated Countries By Continent

Click here to take the quiz!

General Stats

  • This quiz has been taken 1,670 times
  • The average score is 28 of 30

Answer Stats

ContinentCountry% Correct
Asia. 1China (1.37bil)
99%
2Mexico (115mil)
99%
N.America. 1United States of America (312mil)
99%
S.America. 1Brazil (205mil)
98%
3Canada (36mil)
98%
4France (64mil)
98%
2Germany (81mil)
98%
2India (1.3bil)
98%
Europe. 1Russia (144mil)
98%
3Argentina (43mil)
97%
Oceania. 1Australia (24mil)
97%
3United Kingdom (65mil)
97%
3New Zealand (5mil)
96%
3Egypt (88mil)
94%
5Italy (61mil)
94%
Africa. 1Nigeria (185mil)
94%
3Indonesia (255mil)
93%
4Peru (31mil)
93%
5South Africa (55mil)
93%
2Colombia (48mil)
92%
5Venezuela (30mil)
92%
5.Cuba (11mil)
90%
4Pakistan (192mil)
89%
4Democratic Republic of the Congo (71mil)
87%
2Ethiopia (90mil)
86%
4Fiji (867000)
84%
5Bangladesh (159mil)
83%
2Papua New Guinea (8mil)
83%
4Guatemala (16mil)
77%
5Solomon Islands (587000)
71%

Score Distribution

Percentile by Number Answered

Percent of People with Each Score

Your Score History

You have not taken this quiz